Online Public Access Catalogue

Hashmi'S Textbook of Medical Biochemistry (Record no. 13417)

MARC details
000 -LEADER
fixed length control field 00376nam a22001577a 4500
020 ## - INTERNATIONAL STANDARD BOOK NUMBER
International Standard Book Number 9789696373551
082 ## - DEWEY DECIMAL CLASSIFICATION NUMBER
Classification number 612
Author Mark HAS
100 ## - MAIN ENTRY--PERSONAL NAME
Author Name M A Hashmi
245 ## - TITLE STATEMENT
Title Hashmi'S Textbook of Medical Biochemistry
250 ## - EDITION STATEMENT
Edition statement 6th
260 ## - PUBLICATION, DISTRIBUTION, ETC.
Place of publication, distribution, etc. Karachi
Name of publisher, distributor, etc. Paramount
Date of publication, distribution, etc. 2017
300 ## - PHYSICAL DESCRIPTION
No of Pages 750 p
Dimensions 28 cm
504 ## - BIBLIOGRAPHY, ETC. NOTE
Bibliography, Index, etc. note include index
650 ## - SUBJECT ADDED ENTRY--TOPICAL TERM
Subject Medical Biochemistry
942 ## - ADDED ENTRY ELEMENTS (KOHA)
Source of classification or shelving scheme
Koha item type Books
952 ## - LOCATION AND ITEM INFORMATION (KOHA)
-- 2023-10-27
952 ## - LOCATION AND ITEM INFORMATION (KOHA)
-- 2023-10-27
Holdings
Item status Home library Current library Shelving location Date acquired Total Checkouts Full call number Barcode Date last seen Koha item type Date last checked out
  Islamabad Medical and Dental College Islamabad Medical and Dental College Islamabad Medical and Dental College 27/10/2023   612 HAS 11415 27/10/2023 Books  
  Islamabad Medical and Dental College Islamabad Medical and Dental College Islamabad Medical and Dental College 27/10/2023 1 612 HAS 11416 11/10/2024 Books 10/10/2024

Copyright @ IMDC Library
Islamabad Medical and Dental College
Bhara Kahu, Islamabad

  Contact the Librarian, IMDC
  Email:: library@imdcollege.edu.pk

  OPAC Customized by
  Mazhar Hussain,
  Librarian:
  Islamabad Medical and Dental College
  Email:: library@imdcollege.edu.pk